000 01461cad a22002535a 4500
001 L124979
008 040202s2003 xxk l f000 0 eng u
020 _a0110482581
035 _a(Sirsi) u124979
041 _aeng
245 0 4 _aThe Council Tax (Liability for Owners) (Amendment) (England) Regulations 2003
_h[electronic resource]
260 _aLondon
_bHMSO
_c2003
490 _aSI
_v2003: 3125
520 _aCame into force 1 January 2004. Substitute a new Class A into the Council Tax (Liability for Owners) Regulations 1992. Class A refers to care homes within the meaning of the Care Standards Act 2000, buildings or part of a building in which residential care is provided under the National Assistance Act 1948 s21 and a hostel within the meaning given by the Local Government Finance Act 1992 Sched 1 para 7. The owner not the occupier will be liable to pay council tax for care homes which come within the meaning of the Care Standards Act 2000. View at www.legislation.hmso.gov.uk
_si.
650 _aCOUNCIL TAX
650 _aLOCAL GOVERNMENT FINANCE ACT 1992
650 _aCOUNCIL TAX (LIABILITY OF OWNERS) REGULATIONS 1992
650 _aCARE STANDARDS ACT 2000
650 _aNATIONAL ASSISTANCE ACT 1948
650 _aRESIDENTIAL CARE HOMES
690 _aRATING AND LOCAL TAXATION
856 _uhttps://www.legislation.gov.uk/uksi/2003/3125/contents/made
_zView the Regulations free of charge at www.legislation.gov.uk
942 _n0
999 _c103326
_d103326